[Event "4. Aberto Internacional Carlos I"]
[Site "Sanxenxo ESP"]
[Date "2012.06.23"]
[Round "1.2"]
[White "Salgado Gonzalez, Julio"]
[Black "Paunovic, Dragan"]
[Result "0-1"]
[WhiteElo "1852"]
[BlackElo "2521"]
[PlyCount "58"]
[EventDate "2012.06.23"]
[EventType "swiss"]
[EventRounds "9"]
[EventCountry "ESP"]
[SourceTitle "Ajedrez en Madrid"]
[Source "lmi"]
[SourceDate "2012.06.23"]

1. d4 g6 2. Nf3 Bg7 3. e4 d6 4. Bc4 Nf6 5. Qe2 c6 6. Nc3 O-O 7. Bb3 b5 8. e5
dxe5 9. dxe5 Nd5 10. Nxd5 cxd5 11. Qxb5 e6 12. Bd2 a5 13. a4 Nd7 14. Qe2 Qc7
15. Bc3 Nc5 16. h4 Rb8 17. h5 Nxb3 18. cxb3 Rxb3 19. Rc1 Bd7 20. Nd4 Rb4 21.
Qe3 Rc4 22. f4 Rc8 23. hxg6 hxg6 24. Kd2 Rxa4 25. Qh3 Qb6 26. Ke3 Rac4 27. g4
a4 28. Qg3 a3 29. f5 axb2 0-1

[Event "4. Aberto Internacional Carlos I"]
[Site "Sanxenxo ESP"]
[Date "2012.06.23"]
[Round "1.3"]
[White "De La Villa Garcia, Jesus Maria"]
[Black "Cruz Guerra, Samuel"]
[Result "1-0"]
[WhiteElo "2478"]
[BlackElo "1840"]
[PlyCount "81"]
[EventDate "2012.06.23"]
[EventType "swiss"]
[EventRounds "9"]
[EventCountry "ESP"]
[SourceTitle "Ajedrez en Madrid"]
[Source "lmi"]
[SourceDate "2012.06.23"]

1. e4 Nc6 2. Nf3 d6 3. d4 Bg4 4. c3 e6 5. h3 Bh5 6. d5 Bxf3 7. Qxf3 Ne5 8. Qd1
Qd7 9. Qb3 c6 10. f4 Ng6 11. Bc4 exd5 12. exd5 Nf6 13. O-O Nxd5 14. Bxd5 cxd5
15. Qxd5 Be7 16. f5 Ne5 17. Bf4 Qc6 18. Qxc6+ Nxc6 19. Nd2 d5 20. Nb3 O-O-O 21.
Rad1 Bf6 22. g4 h5 23. g5 Be5 24. h4 g6 25. Bxe5 Nxe5 26. Nd4 Rhe8 27. fxg6
Nxg6 28. Nf5 Re4 29. Rd4 Rxd4 30. cxd4 Rd7 31. Kg2 Kd8 32. Kg3 b5 33. Ng7 Re7
34. Nxh5 Re3+ 35. Kg4 Re4+ 36. Nf4 Rxd4 37. h5 Ne7 38. h6 Ng6 39. Kf5 Nh8 40.
Kf6 Re4 41. Kg7 1-0

[Event "4. Aberto Internacional Carlos I"]
[Site "Sanxenxo ESP"]
[Date "2012.06.23"]
[Round "1.4"]
[White "Carreira Casais, Anxo"]
[Black "Lariño Nieto, David"]
[Result "0-1"]
[WhiteElo "1833"]
[BlackElo "2469"]
[PlyCount "60"]
[EventDate "2012.06.23"]
[EventType "swiss"]
[EventRounds "9"]
[EventCountry "ESP"]
[SourceTitle "Ajedrez en Madrid"]
[Source "lmi"]
[SourceDate "2012.06.23"]

1. e4 d5 2. exd5 Qxd5 3. Nc3 Qa5 4. Bc4 Nf6 5. d3 a6 6. Bd2 Qe5+ 7. Qe2 Qxe2+
8. Ngxe2 b5 9. Bd5 c6 10. Bf3 Bb7 11. a4 b4 12. Ne4 Nxe4 13. Bxe4 a5 14. O-O g6
15. Nd4 Bg7 16. c3 O-O 17. Nc2 f5 18. Bf3 Rd8 19. d4 e5 20. Bg5 Re8 21. dxe5
Nd7 22. cxb4 Nxe5 23. bxa5 Nxf3+ 24. gxf3 c5 25. Kg2 Re2 26. Ne3 f4 27. Bxf4
Rf8 28. Bg3 Rxf3 29. Kg1 Rfxe3 30. a6 Ba8 0-1

[Event "4. Aberto Internacional Carlos I"]
[Site "Sanxenxo ESP"]
[Date "2012.06.23"]
[Round "1.5"]
[White "Recuero Guerra, David"]
[Black "Garcia Bugallo, Jose Luis"]
[Result "1-0"]
[WhiteElo "2467"]
[BlackElo "1815"]
[PlyCount "75"]
[EventDate "2012.06.23"]
[EventType "swiss"]
[EventRounds "9"]
[EventCountry "ESP"]
[SourceTitle "Ajedrez en Madrid"]
[Source "lmi"]
[SourceDate "2012.06.23"]

1. e4 e5 2. Nf3 Nc6 3. Bb5 Nf6 4. d3 d6 5. c3 Bd7 6. O-O Be7 7. Nbd2 a6 8. Ba4
b5 9. Bc2 O-O 10. Re1 Na5 11. d4 exd4 12. cxd4 c5 13. Nf1 Bg4 14. d5 Nc4 15. h3
Bxf3 16. Qxf3 Qa5 17. Qe2 Rfe8 18. a4 Bf8 19. b3 Ne5 20. Ne3 Ng6 21. Bb2 Qb6
22. Bxf6 gxf6 23. g3 Ne7 24. Kg2 Qb7 25. Rad1 Bg7 26. Qg4 Qc8 27. Qf3 Kh8 28.
h4 c4 29. bxc4 bxc4 30. h5 h6 31. e5 fxe5 32. Qxf7 Ra7 33. Qf3 Qc5 34. Qe4 Kg8
35. Ng4 Nf5 36. Qxf5 Rf7 37. Qh7+ Kf8 38. Re3 1-0

[Event "4. Aberto Internacional Carlos I"]
[Site "Sanxenxo ESP"]
[Date "2012.06.23"]
[Round "1.6"]
[White "Canela Gimenez, Maria Concepcio"]
[Black "Arribas Lopez, Angel"]
[Result "0-1"]
[WhiteElo "1794"]
[BlackElo "2463"]
[PlyCount "60"]
[EventDate "2012.06.23"]
[EventType "swiss"]
[EventRounds "9"]
[EventCountry "ESP"]
[SourceTitle "Ajedrez en Madrid"]
[Source "lmi"]
[SourceDate "2012.06.23"]

1. c4 g6 2. g3 Bg7 3. Bg2 e5 4. Nc3 f5 5. d3 Ne7 6. Bg5 c6 7. e4 h6 8. Bxe7
Qxe7 9. exf5 gxf5 10. Qh5+ Qf7 11. Qxf7+ Kxf7 12. Nge2 Na6 13. O-O-O d6 14. f4
Be6 15. Rhf1 Ke7 16. b3 Rad8 17. Bh3 Rhf8 18. Rf3 e4 19. Rff1 d5 20. cxd5 cxd5
21. dxe4 dxe4 22. Nb5 Nb4 23. Kb1 Nd3 24. Nxa7 Rd5 25. Nc1 Ra8 26. Nxd3 exd3
27. Bg2 Rd7 28. Nc6+ bxc6 29. Bxc6 Rxa2 30. Kxa2 Ra7+ 0-1

[Event "4. Aberto Internacional Carlos I"]
[Site "Sanxenxo ESP"]
[Date "2012.06.23"]
[Round "1.7"]
[White "Barlov, Dragan"]
[Black "Blanco Dans, Manuel"]
[Result "1-0"]
[WhiteElo "2450"]
[BlackElo "1786"]
[PlyCount "101"]
[EventDate "2012.06.23"]
[EventType "swiss"]
[EventRounds "9"]
[EventCountry "ESP"]
[SourceTitle "Ajedrez en Madrid"]
[Source "lmi"]
[SourceDate "2012.06.23"]

1. Nf3 Nf6 2. c4 e6 3. d4 c5 4. g3 b6 5. Bg2 Bb7 6. d5 exd5 7. Nh4 g6 8. Nc3
Bg7 9. O-O d6 10. Nxd5 Nxd5 11. Bxd5 Nc6 12. Rb1 O-O 13. b3 Re8 14. Bb2 Qe7 15.
Bxg7 Kxg7 16. Rb2 Ne5 17. Rd2 Bxd5 18. Rxd5 Rad8 19. Ng2 Ng4 20. Rd2 Qe5 21.
Nf4 Nf6 22. e3 g5 23. Nh5+ Nxh5 24. Qxh5 d5 25. Rfd1 d4 26. exd4 Rxd4 27. Rxd4
cxd4 28. Qg4 Rd8 29. Qf3 Rd7 30. Qd3 h6 31. Rd2 f5 32. Re2 Qf6 33. Kg2 h5 34.
f3 g4 35. f4 Kg6 36. Re5 Qc6+ 37. Kg1 Qf6 38. Kf1 Rd6 39. Ke2 Rd7 40. Kd1 Qf8
41. Kc2 Qf6 42. b4 Qf8 43. Kb3 a6 44. Rd5 Rxd5 45. cxd5 Qd6 46. Qxd4 a5 47.
bxa5 bxa5 48. Ka4 Qd8 49. d6 Kf7 50. Qa7+ Ke6 51. Qe7+ 1-0

[Event "4. Aberto Internacional Carlos I"]
[Site "Sanxenxo ESP"]
[Date "2012.06.23"]
[Round "1.8"]
[White "Prol Lusquiños, Jose Manuel"]
[Black "Fernandez Garcia, Jose Luis"]
[Result "0-1"]
[WhiteElo "1768"]
[BlackElo "2419"]
[PlyCount "50"]
[EventDate "2012.06.23"]
[EventType "swiss"]
[EventRounds "9"]
[EventCountry "ESP"]
[SourceTitle "Ajedrez en Madrid"]
[Source "lmi"]
[SourceDate "2012.06.23"]

1. e4 Nf6 2. Nc3 e5 3. Bc4 Nc6 4. f4 Nxe4 5. Qf3 Nd6 6. Bb3 e4 7. Qe3 Be7 8.
Nge2 O-O 9. O-O Nf5 10. Qxe4 Bc5+ 11. Kh1 d6 12. Qf3 Re8 13. g4 Ncd4 14. Nxd4
Nxd4 15. Qg3 Nxb3 16. axb3 b5 17. h4 Bb7+ 18. Kh2 b4 19. Nd1 Re2+ 20. Nf2 Qd7
21. Kh3 h5 22. d3 Bxf2 23. Rxf2 Rxf2 24. Qxf2 Qxg4+ 25. Kh2 Re8 0-1

[Event "4. Aberto Internacional Carlos I"]
[Site "Sanxenxo ESP"]
[Date "2012.06.23"]
[Round "1.10"]
[White "Varela Fernandez, Andres"]
[Black "Santos Latasa, Jaime"]
[Result "0-1"]
[WhiteElo "1742"]
[BlackElo "2396"]
[PlyCount "62"]
[EventDate "2012.06.23"]
[EventType "swiss"]
[EventRounds "9"]
[EventCountry "ESP"]
[SourceTitle "Ajedrez en Madrid"]
[Source "lmi"]
[SourceDate "2012.06.23"]

1. e4 d5 2. exd5 Nf6 3. c4 c6 4. d4 cxd5 5. Nc3 e6 6. c5 Be7 7. Bf4 O-O 8. Nf3
Nc6 9. Bb5 Bd7 10. O-O Ne4 11. Bxc6 Nxc3 12. bxc3 Bxc6 13. Qb3 b6 14. Ne5 Bb7
15. Rfb1 f6 16. Nd3 Ba6 17. cxb6 axb6 18. Nb4 Bc4 19. Qc2 Qd7 20. a4 Ra5 21.
Nd3 e5 22. dxe5 Qf5 23. Nb4 Qxf4 24. Nc6 Bc5 25. Nxa5 bxa5 26. e6 Re8 27. Re1
Qg4 28. h3 Qf4 29. Rab1 Bd6 30. g3 Qg5 31. Kg2 h5 0-1

[Event "4. Aberto Internacional Carlos I"]
[Site "Sanxenxo ESP"]
[Date "2012.06.24"]
[Round "2.1"]
[White "Paunovic, Dragan"]
[Black "Pena Torres, Jose Carlos"]
[Result "1-0"]
[WhiteElo "2521"]
[BlackElo "2105"]
[PlyCount "49"]
[EventDate "2012.06.23"]
[EventType "swiss"]
[EventRounds "9"]
[EventCountry "ESP"]
[SourceTitle "Ajedrez en Madrid"]
[Source "lmi"]
[SourceDate "2012.06.23"]

1. Nf3 Nf6 2. g3 b6 3. Bg2 Bb7 4. O-O e6 5. c4 Be7 6. d4 O-O 7. Nc3 d6 8. d5 e5
9. Ne1 Nbd7 10. e4 Ne8 11. Nd3 Nc5 12. Be3 Nxd3 13. Qxd3 Bg5 14. Nd1 Bxe3 15.
Nxe3 Qg5 16. f4 exf4 17. gxf4 Qf6 18. b3 Rd8 19. Rae1 Bc8 20. Nc2 Qh6 21. Nd4
Bd7 22. e5 dxe5 23. fxe5 c5 24. e6 Bxe6 25. dxe6 1-0

[Event "4. Aberto Internacional Carlos I"]
[Site "Sanxenxo ESP"]
[Date "2012.06.24"]
[Round "2.2"]
[White "Carril Garcia, Luis"]
[Black "De La Villa Garcia, Jesus Maria"]
[Result "1/2-1/2"]
[WhiteElo "2094"]
[BlackElo "2478"]
[PlyCount "59"]
[EventDate "2012.06.23"]
[EventType "swiss"]
[EventRounds "9"]
[EventCountry "ESP"]
[SourceTitle "Ajedrez en Madrid"]
[Source "lmi"]
[SourceDate "2012.06.23"]

1. Nf3 d5 2. c4 d4 3. g3 Nc6 4. Bg2 g6 5. O-O Bg7 6. Na3 Nf6 7. d3 O-O 8. Rb1
a5 9. Nc2 Bf5 10. a3 a4 11. b3 axb3 12. Rxb3 Ra7 13. Ncxd4 Nxd4 14. Nxd4 Bc8
15. Nb5 Ra6 16. Bd2 c6 17. Nc3 Nd7 18. Qc1 Nc5 19. Rb1 Re8 20. Be3 Qa5 21. d4
Ne6 22. Rd1 Qxa3 23. Qxa3 Rxa3 24. Ne4 f5 25. d5 fxe4 26. dxe6 Bxe6 27. Bxe4
Bxc4 28. Rxb7 Bxe2 29. Rc1 Bb5 30. Bxc6 1/2-1/2

[Event "4. Aberto Internacional Carlos I"]
[Site "Sanxenxo ESP"]
[Date "2012.06.24"]
[Round "2.3"]
[White "Lariño Nieto, David"]
[Black "Adams, Philip"]
[Result "1-0"]
[WhiteElo "2469"]
[BlackElo "2097"]
[PlyCount "51"]
[EventDate "2012.06.23"]
[EventType "swiss"]
[EventRounds "9"]
[EventCountry "ESP"]
[SourceTitle "Ajedrez en Madrid"]
[Source "lmi"]
[SourceDate "2012.06.23"]

1. b3 e5 2. Bb2 Nc6 3. e4 Nf6 4. Nc3 Bc5 5. g3 d6 6. Bg2 a6 7. Nge2 Ba7 8. Nd5
Nxd5 9. exd5 Ne7 10. d4 exd4 11. Nxd4 O-O 12. Qd3 Bd7 13. Be4 h6 14. Qc3 Bxd4
15. Qxd4 f6 16. g4 Bxg4 17. Rg1 Bf5 18. Bxf5 Nxf5 19. Qg4 Qd7 20. O-O-O Rae8
21. Rd3 Re5 22. f4 Re7 23. Rh3 Kh8 24. Rh5 Ne3 25. Rxh6+ gxh6 26. Bxf6+ 1-0

[Event "4. Aberto Internacional Carlos I"]
[Site "Sanxenxo ESP"]
[Date "2012.06.24"]
[Round "2.4"]
[White "Prata, Jose"]
[Black "Recuero Guerra, David"]
[Result "1/2-1/2"]
[WhiteElo "2068"]
[BlackElo "2467"]
[PlyCount "60"]
[EventDate "2012.06.23"]
[EventType "swiss"]
[EventRounds "9"]
[EventCountry "ESP"]
[SourceTitle "Ajedrez en Madrid"]
[Source "lmi"]
[SourceDate "2012.06.23"]

1. e4 c5 2. d3 Nc6 3. g3 e6 4. Bg2 d5 5. Nd2 g6 6. Ngf3 Bg7 7. O-O Nge7 8. Re1
O-O 9. e5 Qc7 10. Qe2 g5 11. Nxg5 Qxe5 12. Qxe5 Bxe5 13. c3 Bg7 14. Nb3 b6 15.
f4 Ba6 16. Bf1 Rad8 17. Bd2 Nf5 18. Nf3 Bb7 19. Ne5 a5 20. a4 Rfe8 21. Rad1 f6
22. Nxc6 Bxc6 23. Ra1 Nd6 24. Be3 Rb8 25. d4 c4 26. Nd2 Bd7 27. Bh3 Kf7 28. Bf2
f5 29. b3 cxb3 30. Nxb3 Ne4 1/2-1/2

[Event "4. Aberto Internacional Carlos I"]
[Site "Sanxenxo ESP"]
[Date "2012.06.24"]
[Round "2.5"]
[White "Arribas Lopez, Angel"]
[Black "Loehr Dols, Lluis"]
[Result "1-0"]
[WhiteElo "2463"]
[BlackElo "2073"]
[PlyCount "45"]
[EventDate "2012.06.23"]
[EventType "swiss"]
[EventRounds "9"]
[EventCountry "ESP"]
[SourceTitle "Ajedrez en Madrid"]
[Source "lmi"]
[SourceDate "2012.06.23"]

1. Nf3 Nf6 2. c4 g6 3. Nc3 Bg7 4. e4 d6 5. d4 O-O 6. Be2 c5 7. d5 b5 8. cxb5 a6
9. O-O axb5 10. Bxb5 Qa5 11. Nd2 Nbd7 12. Nc4 Qa7 13. a4 Ba6 14. Ra3 Nb6 15.
Ne3 Rfb8 16. Qc2 Nfd7 17. Rd1 Bxb5 18. Nxb5 Qb7 19. b3 c4 20. Nxc4 Rc8 21. Be3
Nxc4 22. bxc4 Nb6 23. Nxd6 1-0

[Event "4. Aberto Internacional Carlos I"]
[Site "Sanxenxo ESP"]
[Date "2012.06.24"]
[Round "2.6"]
[White "Medarde Santiago, Luis Marcos"]
[Black "Barlov, Dragan"]
[Result "1/2-1/2"]
[WhiteElo "2009"]
[BlackElo "2450"]
[PlyCount "75"]
[EventDate "2012.06.23"]
[EventType "swiss"]
[EventRounds "9"]
[EventCountry "ESP"]
[SourceTitle "Ajedrez en Madrid"]
[Source "lmi"]
[SourceDate "2012.06.23"]

1. e4 c5 2. Nf3 a6 3. c3 d5 4. exd5 Qxd5 5. d4 Nf6 6. Be2 e6 7. O-O Nbd7 8. c4
Qd6 9. Nc3 Qc7 10. a3 cxd4 11. Nxd4 Be7 12. b4 O-O 13. Qb3 b6 14. Rd1 Bb7 15.
Be3 Rac8 16. Rac1 Rfe8 17. Na4 Qb8 18. Rc2 Bd6 19. h3 Bh2+ 20. Kh1 Bf4 21. Bxf4
Qxf4 22. Bf3 Bxf3 23. Qxf3 Qxf3 24. Nxf3 b5 25. Nb2 bxc4 26. Rxc4 Rxc4 27. Nxc4
Nd5 28. Ne3 N7b6 29. Rc1 h6 30. Rc6 Ra8 31. Ne5 Ra7 32. Nxd5 Nxd5 33. Rc8+ Kh7
34. Nc6 Rd7 35. Ra8 Rd6 36. Rxa6 Nc7 37. Rb6 Nd5 38. Ra6 1/2-1/2

[Event "4. Aberto Internacional Carlos I"]
[Site "Sanxenxo ESP"]
[Date "2012.06.24"]
[Round "2.7"]
[White "Fernandez Garcia, Jose Luis"]
[Black "Gomez Dieguez, David"]
[Result "1-0"]
[WhiteElo "2419"]
[BlackElo "2052"]
[PlyCount "83"]
[EventDate "2012.06.23"]
[EventType "swiss"]
[EventRounds "9"]
[EventCountry "ESP"]
[SourceTitle "Ajedrez en Madrid"]
[Source "lmi"]
[SourceDate "2012.06.23"]

1. e4 e5 2. Nf3 Nc6 3. Bb5 f5 4. d3 fxe4 5. dxe4 Nf6 6. O-O Bc5 7. Nc3 d6 8.
Bc4 Bg4 9. h3 Bh5 10. Bg5 h6 11. Bxf6 Qxf6 12. Nd5 Qd8 13. c3 Ne7 14. b4 Bb6
15. Qd3 Nxd5 16. Bxd5 c6 17. Bb3 Bxf3 18. Qxf3 Qe7 19. a4 a5 20. b5 cxb5 21.
Qd3 Bc5 22. Qxb5+ Qd7 23. Qe2 Rf8 24. Bd5 Rb8 25. Kh1 Rf4 26. Qh5+ Ke7 27. g3
Rf6 28. f4 Rbf8 29. f5 b6 30. Kg2 Qe8 31. Qe2 g6 32. g4 g5 33. h4 Rh8 34. Rh1
Rff8 35. Rh3 Kf6 36. Rah1 Kg7 37. hxg5 hxg5 38. Qd2 Qd8 39. Rh5 Rxh5 40. Rxh5
Rh8 41. Rxg5+ Kf8 42. f6 1-0

[Event "4. Aberto Internacional Carlos I"]
[Site "Sanxenxo ESP"]
[Date "2012.06.24"]
[Round "2.8"]
[White "Garcia Castro, Pablo"]
[Black "Salido Polo, Veronica"]
[Result "1-0"]
[WhiteElo "2405"]
[BlackElo "1982"]
[PlyCount "49"]
[EventDate "2012.06.23"]
[EventType "swiss"]
[EventRounds "9"]
[EventCountry "ESP"]
[SourceTitle "Ajedrez en Madrid"]
[Source "lmi"]
[SourceDate "2012.06.23"]

1. e4 c5 2. Nf3 Nc6 3. Be2 g6 4. O-O Bg7 5. Re1 e6 6. c3 Nge7 7. a3 Qb6 8. b4
cxb4 9. axb4 Nxb4 10. d4 Nbc6 11. d5 Ne5 12. Be3 Nxf3+ 13. gxf3 Qd6 14. Na3 O-O
15. Nc4 Qb8 16. Bc5 Qf4 17. Bxe7 Re8 18. Bd6 Qg5+ 19. Kh1 Bxc3 20. Qc1 Qxc1 21.
Rexc1 Bxa1 22. Rxa1 exd5 23. Nb6 axb6 24. Rxa8 dxe4 25. fxe4 1-0

[Event "4. Aberto Internacional Carlos I"]
[Site "Sanxenxo ESP"]
[Date "2012.06.24"]
[Round "2.9"]
[White "Santos Latasa, Jaime"]
[Black "Fernandez Vazquez, Jorge"]
[Result "1-0"]
[WhiteElo "2396"]
[BlackElo "1970"]
[PlyCount "99"]
[EventDate "2012.06.23"]
[EventType "swiss"]
[EventRounds "9"]
[EventCountry "ESP"]
[SourceTitle "Ajedrez en Madrid"]
[Source "lmi"]
[SourceDate "2012.06.23"]

1. Nf3 Nf6 2. c4 c5 3. g3 g6 4. b3 Bg7 5. Bb2 Nc6 6. Bg2 d6 7. O-O O-O 8. Nc3
Ne4 9. d4 Nxc3 10. Bxc3 cxd4 11. Nxd4 Nxd4 12. Bxd4 Qc7 13. Bxg7 Kxg7 14. Qd4+
Kg8 15. Rac1 Qc5 16. Rfd1 Rb8 17. Qh4 Qe5 18. Qe4 Qxe4 19. Bxe4 b6 20. Kg2 Be6
21. f4 Rfc8 22. Kf3 f5 23. Bd5 Kf7 24. e4 fxe4+ 25. Kxe4 a5 26. a3 h5 27. Kd4
Rc7 28. Be4 Rbc8 29. a4 Rc5 30. Re1 Bg4 31. Rc3 R8c7 32. Rce3 Kf6 33. Bd5 Bf5
34. Bg2 Bc8 35. h3 Rf5 36. Bd5 e5+ 37. fxe5+ dxe5+ 38. Rxe5 Rxe5 39. Rxe5 Bxh3
40. Re8 Rd7 41. Rb8 Rd6 42. Rf8+ Ke7 43. Rf7+ Ke8 44. Rb7 g5 45. Rh7 Rf6 46.
Rxh5 g4 47. Ke5 Rf2 48. Kd6 Kf8 49. Rh7 Bg2 50. Rh2 1-0

[Event "4. Aberto Internacional Carlos I"]
[Site "Sanxenxo ESP"]
[Date "2012.06.24"]
[Round "2.10"]
[White "Serrano Martinez, Francisco Jos"]
[Black "Espiñeira Gonzalez, Diego"]
[Result "1/2-1/2"]
[WhiteElo "1972"]
[BlackElo "2371"]
[PlyCount "60"]
[EventDate "2012.06.23"]
[EventType "swiss"]
[EventRounds "9"]
[EventCountry "ESP"]
[SourceTitle "Ajedrez en Madrid"]
[Source "lmi"]
[SourceDate "2012.06.23"]

1. e4 e6 2. d4 d5 3. Nc3 Bb4 4. Nge2 Nf6 5. Bg5 dxe4 6. a3 Be7 7. Ng3 h6 8. Be3
O-O 9. Ngxe4 Nxe4 10. Nxe4 f5 11. Nc3 f4 12. Bc1 Nc6 13. Bd3 Nxd4 14. Qh5 Bd6
15. Qg6 Nf5 16. g4 fxg3 17. hxg3 Qf6 18. Qxf6 Rxf6 19. Ne4 Rf8 20. Bd2 Nd4 21.
O-O-O Nf3 22. Be3 Be7 23. g4 b6 24. g5 hxg5 25. Rh5 g6 26. Rh6 Kg7 27. Nxg5
Nxg5 28. Rxg6+ Kf7 29. Bxg5 Bxg5+ 30. Rxg5 Bb7 1/2-1/2

[Event "4. Aberto Internacional Carlos I"]
[Site "Sanxenxo ESP"]
[Date "2012.06.25"]
[Round "3.2"]
[White "Vaarala, Eric"]
[Black "Lariño Nieto, David"]
[Result "0-1"]
[WhiteElo "2249"]
[BlackElo "2469"]
[PlyCount "56"]
[EventDate "2012.06.23"]
[EventType "swiss"]
[EventRounds "9"]
[EventCountry "ESP"]
[SourceTitle "Ajedrez en Madrid"]
[Source "lmi"]
[SourceDate "2012.06.23"]

1. e4 d5 2. exd5 Qxd5 3. Nc3 Qa5 4. d4 Nf6 5. Bc4 Nc6 6. a3 e5 7. d5 Nd4 8. Be3
Qc5 9. Bb3 Ng4 10. Bxd4 exd4 11. Qe2+ Be7 12. Ne4 Qb6 13. Ba4+ Kf8 14. Nf3 Qa5+
15. b4 Qxa4 16. O-O Qa6 17. b5 Qh6 18. Rfe1 Bd7 19. h3 Nf6 20. Ne5 Be8 21. Qc4
Rd8 22. Nxf6 Qxf6 23. Qxd4 Bxb5 24. Qxa7 Qb6 25. Qxb6 cxb6 26. c4 Ba6 27. Re4
f6 28. Nf3 Bc5 0-1

[Event "4. Aberto Internacional Carlos I"]
[Site "Sanxenxo ESP"]
[Date "2012.06.25"]
[Round "3.3"]
[White "Recuero Guerra, Javier"]
[Black "Arribas Lopez, Angel"]
[Result "1/2-1/2"]
[WhiteElo "2243"]
[BlackElo "2463"]
[PlyCount "98"]
[EventDate "2012.06.23"]
[EventType "swiss"]
[EventRounds "9"]
[EventCountry "ESP"]
[SourceTitle "Ajedrez en Madrid"]
[Source "lmi"]
[SourceDate "2012.06.23"]

1. c4 b6 2. Nc3 Bb7 3. d4 e6 4. a3 Nf6 5. Nf3 d5 6. cxd5 exd5 7. Bf4 Be7 8. Rc1
c6 9. e3 Nbd7 10. Bd3 Nf8 11. O-O Ne6 12. Bg3 O-O 13. Bb1 c5 14. dxc5 bxc5 15.
Ba2 Qb6 16. Qb3 d4 17. exd4 Bxf3 18. gxf3 Nxd4 19. Qxb6 axb6 20. Kg2 Rad8 21.
Na4 Nf5 22. Nxb6 h5 23. Rcd1 Bd6 24. Nc4 Bb8 25. Bb1 Nd4 26. b4 Bxg3 27. hxg3
cxb4 28. axb4 Nb5 29. Ne3 Rb8 30. Rd3 Rfc8 31. Nd5 Nxd5 32. Rxd5 h4 33. Bd3 Nc7
34. Rc5 Rd8 35. Bh7+ Kxh7 36. Rxc7 hxg3 37. fxg3 Rd2+ 38. Rf2 Rxf2+ 39. Kxf2
Rxb4 40. Rxf7 Rb2+ 41. Ke3 Rb3+ 42. Kf4 Kg6 43. Re7 Kf6 44. Re1 Ra3 45. g4 g5+
46. Kg3 Ra2 47. Rb1 Kg6 48. Rb6+ Kg7 49. Rb7+ Kg6 1/2-1/2

[Event "4. Aberto Internacional Carlos I"]
[Site "Sanxenxo ESP"]
[Date "2012.06.25"]
[Round "3.4"]
[White "Espiñeira Gonzalez, Pablo Danie"]
[Black "Fernandez Garcia, Jose Luis"]
[Result "0-1"]
[WhiteElo "2213"]
[BlackElo "2419"]
[PlyCount "42"]
[EventDate "2012.06.23"]
[EventType "swiss"]
[EventRounds "9"]
[EventCountry "ESP"]
[SourceTitle "Ajedrez en Madrid"]
[Source "lmi"]
[SourceDate "2012.06.23"]

1. c4 e5 2. Nc3 Nf6 3. g3 c6 4. Nf3 e4 5. Nd4 d5 6. d3 Bb4 7. Bg2 c5 8. Nc2
Bxc3+ 9. bxc3 dxc4 10. dxe4 Qxd1+ 11. Kxd1 Be6 12. f4 Na6 13. Na3 O-O-O+ 14.
Ke1 Rhe8 15. Rb1 Nc7 16. h3 b6 17. Kf2 h5 18. f5 Bd7 19. Nxc4 Bb5 20. Nd2 Bc6
21. Rb2 Rd7 0-1

[Event "4. Aberto Internacional Carlos I"]
[Site "Sanxenxo ESP"]
[Date "2012.06.25"]
[Round "3.5"]
[White "Patiño Romaris, Juan Roberto"]
[Black "Garcia Castro, Pablo"]
[Result "1-0"]
[WhiteElo "2185"]
[BlackElo "2405"]
[PlyCount "99"]
[EventDate "2012.06.23"]
[EventType "swiss"]
[EventRounds "9"]
[EventCountry "ESP"]
[SourceTitle "Ajedrez en Madrid"]
[Source "lmi"]
[SourceDate "2012.06.23"]

1. e4 g6 2. d4 Bg7 3. Nc3 d6 4. Nf3 Nc6 5. Be2 Bg4 6. Be3 e5 7. d5 Bxf3 8. Bxf3
Nd4 9. O-O Nxf3+ 10. Qxf3 Nf6 11. Ne2 Qd7 12. c4 O-O 13. h3 Ne8 14. Nc3 f5 15.
Bd2 Nf6 16. Qd3 f4 17. f3 h5 18. Nd1 g5 19. Nf2 Rf7 20. a4 Bf8 21. a5 a6 22.
Ra3 Rh7 23. Qe2 Re8 24. Rc1 Ree7 25. Rb3 Qc8 26. Bb4 Reg7 27. c5 Qd8 28. c6
bxc6 29. Rxc6 g4 30. Be1 gxh3 31. Nxh3 Ng4 32. fxg4 hxg4 33. Rcc3 f3 34. Qxa6
gxh3 35. Rxf3 hxg2 36. Rh3 Rxh3 37. Rxh3 Qd7 38. Qd3 Qa4 39. Rg3 Qa1 40. Rxg7+
Bxg7 41. Qe2 Bh6 42. Kxg2 Bc1 43. b4 Bb2 44. Qg4+ Kf7 45. Qe6+ Kg7 46. Bh4 Bc1
47. Bf6+ Kh7 48. Qf7+ Kh6 49. Bg7+ Kg5 50. Qf5+ 1-0

[Event "4. Aberto Internacional Carlos I"]
[Site "Sanxenxo ESP"]
[Date "2012.06.25"]
[Round "3.6"]
[White "Cubero Ferreiro, Rodrigo"]
[Black "Santos Latasa, Jaime"]
[Result "1/2-1/2"]
[WhiteElo "2182"]
[BlackElo "2396"]
[PlyCount "59"]
[EventDate "2012.06.23"]
[EventType "swiss"]
[EventRounds "9"]
[EventCountry "ESP"]
[SourceTitle "Ajedrez en Madrid"]
[Source "lmi"]
[SourceDate "2012.06.23"]

1. d4 Nf6 2. c4 e6 3. Nf3 c5 4. Nc3 cxd4 5. Nxd4 Bb4 6. Qd3 Nc6 7. e3 O-O 8. a3
Ne5 9. Qc2 Be7 10. Be2 Qc7 11. b3 d5 12. cxd5 exd5 13. Bb2 Bc5 14. Na4 Bd6 15.
Qxc7 Bxc7 16. Rc1 Bb8 17. O-O b6 18. Rfd1 Rd8 19. Nc6 Nxc6 20. Bxf6 gxf6 21.
Rxc6 Bd6 22. b4 Bb7 23. Rcc1 Kf8 24. Bf3 Rac8 25. g3 Be5 26. Rxc8 Rxc8 27. Bxd5
Rd8 28. Bb3 Rxd1+ 29. Bxd1 Bc6 30. Kf1 1/2-1/2

[Event "4. Aberto Internacional Carlos I"]
[Site "Sanxenxo ESP"]
[Date "2012.06.25"]
[Round "3.7"]
[White "Pinho, Paulo"]
[Black "Pazos Porta, Antonio"]
[Result "1-0"]
[WhiteElo "2145"]
[BlackElo "2319"]
[PlyCount "93"]
[EventDate "2012.06.23"]
[EventType "swiss"]
[EventRounds "9"]
[EventCountry "ESP"]
[SourceTitle "Ajedrez en Madrid"]
[Source "lmi"]
[SourceDate "2012.06.23"]

1. d4 Nf6 2. Nf3 g6 3. c4 Bg7 4. Nc3 O-O 5. e4 d6 6. Be2 e5 7. O-O Nc6 8. d5
Ne7 9. Ne1 Nd7 10. Be3 f5 11. f3 f4 12. Bf2 g5 13. a4 a5 14. Nd3 b6 15. Be1 Nf6
16. Nf2 h5 17. h3 Rf7 18. b4 axb4 19. Nb5 Bf8 20. Bxb4 Ng6 21. a5 bxa5 22. Qb3
Rh7 23. Rxa5 Rxa5 24. Bxa5 g4 25. fxg4 hxg4 26. hxg4 Ne8 27. Nh3 Be7 28. Na7
Bd7 29. Rb1 Bg5 30. c5 f3 31. Bxf3 Nh4 32. c6 Nxf3+ 33. Qxf3 Rf7 34. Qe2 Bh4
35. cxd7 Qxd7 36. Nc6 Rg7 37. Rb8 Kh7 38. g5 Kg6 39. Rd8 Qf7 40. Qg4 Rh7 41. g3
Bxg3 42. Qxg3 Ng7 43. Rc8 Qd7 44. Nf2 Nh5 45. Rg8+ Ng7 46. Ng4 Rh5 47. Ncxe5+
1-0